Estudios regionales desde la antropología sociocultural = Regional research from the sociocultural anthropology's perspective /
En este se caracteriza y define la investigación sociocultural a partir de un enfoque interdisciplinar, multidisciplinar y transdisciplinar, la cual asume una perspectiva de análisis de la realidad de forma transversal y requiere de la aplicación de las diferentes ciencias (principalmente teorías, c...
Gardado en:
| Autor Principal: | |
|---|---|
| Outros autores: | |
| Formato: | Texto |
| Materias: | |
| Etiquetas: |
Engadir etiqueta
Sen Etiquetas, Sexa o primeiro en etiquetar este rexistro!
|
MARC
| LEADER | 00000 a a2200000 04500 | ||
|---|---|---|---|
| 001 | 42937 | ||
| 003 | |||
| 040 | |||
| 100 | |a Pérez Cruz, Isabel | ||
| 245 | |a Estudios regionales desde la antropología sociocultural = |b Regional research from the sociocultural anthropology's perspective / |c Isabel Pérez Cruz ; Adrianez Fernández Bermúdez | ||
| 500 | |a iperez@ucf.edu.cu |a fernandez@ucd.edu.cu | ||
| 520 | |a En este se caracteriza y define la investigación sociocultural a partir de un enfoque interdisciplinar, multidisciplinar y transdisciplinar, la cual asume una perspectiva de análisis de la realidad de forma transversal y requiere de la aplicación de las diferentes ciencias (principalmente teorías, conceptos, lenguajes, técnicas e instrumentos), en función de la labor de detección, investigación e intervención en las comunidades para el desarrollo local. | ||
| 590 | |a SJB/JUNIO2012 | ||
| 650 | |a 1.INVESTIGACION | ||
| 650 | |a 2.INTERACCION SOCIAL | ||
| 650 | |a 3.ASEPCTOS SOCIALES | ||
| 650 | |a 4.FACTORES CULTURALES | ||
| 650 | |a 5.TEORIA | ||
| 650 | |a 6.ANTROPOLOGIA SOCIAL Y CULTURAL | ||
| 700 | |a Fernández Bermúdez, Adrianez | ||
| 773 | |g volumen34, número3 ( , 2009), páginas 418-439 : tablas, gráficos | ||
| 999 | |c 34395 |d 34395 | ||
